000 01035cam a22002417i 4500
005 20251108175121.0
008 250721s2001 ua gr 000 0 ara d
020 _a0078824176
041 _aara
_heng
082 1 4 _a005.133
_bك و ل
100 1 _aكوليتزبك، بيتر
_eمؤلف.
240 1 0 _aOracle designer
245 1 0 _aأوراكل ديزاينر /
_cتأليف،بيتر كوللتيزبك، د. بول دورسي ؛ الاعداد و الترجمةتيب توب لخدمات التعريب و الترجمة شعبة علوم الحاسب الآلي.
250 _aالطبعة الاولى.
264 1 _aالقاهرة :
_bدار الفاروق للنشر والتوزيع،
_c2001.
300 _a1024صفحة.
650 1 7 _aلغة البرمجة.
650 1 7 _aالبرمجة.
700 1 _aد. بول دروسي
_eمؤلف.
710 2 _aتيب توب لخدمات التعريب و الترجمة شعبة علوم الحاسب الآلي
_eمعد .
942 _2ddc
_cREF
999 _c126550
_d126550